A man called Cervantes

Uloženo v:
Podrobná bibliografie
Hlavní autor: Frank, Bruno
Médium: Kniha
Jazyk:Undetermined
Vydáno: New York, Estados Unidos The Viking 1935
Témata:
Tagy: Přidat tag
Žádné tagy, Buďte první, kdo vytvoří štítek k tomuto záznamu!

MARC

LEADER 00000nam a2200000Ia 4500
008 170316s9999 xx 000 0 und d
090 |a 801 F-16a 
100 |a Frank, Bruno 
245 2 |a A man called Cervantes 
260 |a New York, Estados Unidos 
260 |b The Viking 
260 |c 1935 
300 |a 301 páginas 
650 |a TEORÍA LITERARIA 
999 |c 20271  |d 20271 
040 |a cru BVZT 
942 |c 15 D  |h 801 F-16a  |2 z